Acceso, uso y apropiacin̤ de las TIC en comunidades acadm̌icas Diagns̤tico en la UNAM /

Detalles Bibliográficos
Autor principal: Crovi Druetta, Delia
Formato: eBook
Lenguaje:español
Publicado: Mx̌ico D.F: Plaza y Valdš Editores, 2009
Materias:
Acceso en línea:Acceso restringido

MARC

LEADER 00000nam a22000007a 4500
005 20130711125537.0
007 cr|||| ||||
008 130711s2009 mx |||||s|||| 00||0 spa d
020 |a 978-607-402-175-2 
035 |a 11390 
040 |a vLex 
090 |c 4421  |d 4421 
100 1 |a Crovi Druetta, Delia 
245 1 0 |a Acceso, uso y apropiacin̤ de las TIC en comunidades acadm̌icas  |h [Recurso electrn̤ico] :  |b Diagns̤tico en la UNAM /  |c Delia Crovi Druetta  
256 |a Servicio en ln̕ea 
260 |a Mx̌ico D.F:  |b Plaza y Valdš Editores,  |c 2009 
300 |a 1 recurso electrn̤ico 
506 1 |a Contenido solo disponible en los productos indicados  |d vLex Global  |d vLex Global (Academic Edition, excluding Law Schools)  |d vLex Global (U.S. Academic Edition, Law Schools)  |d vLex Global (U.S. Academic Edition, excluding Law Schools)  |d vLex Global (Academic Edition, Law Schools) 
650 0 4 |a Innovaciones tecnolg̤icas  |z Mx̌ico 
650 0 4 |a Comunidad y universidad  |z Mx̌ico 
740 0 |a vLex Libros (Servicio en ln̕ea) 
856 4 0 |u http://vlex.com/source/acceso-uso-y-apropiacion-de-las-tic-en-comunidades-academicas-diagnostico-en-la-unam-11390  |z Acceso restringido 
942 |c BOOK 
999 0 |a Technological innovations 
999 0 |a Community and college